Indy 500 Winningest Drivers: Sudden Death - Statistics

General Stats
  • This quiz has been taken 61 times
  • The average score is 5 of 10
Answers on the Grid
Answers color-coded by a green-red scale on the quiz's grid according to % correct below.
A.J Foyt
Gaston Chevrolet
Johnny Rutherford
Dario Franchitti
Tom Sneva
Lora Corum
Rick Mears
Wilbur Shaw
Bobby Unser
Will Power
Louis Meyer
Joe Boyer
Bobby Rahal
Mauri Rose
Al Unser
Marmon Wasp
Parnelli Jones
Ray Harooun
Helio Castroneves
Michael Andretti
 
Answer Stats
Answer % Correct
A.J Foyt
91%
Helio Castroneves
63%
Al Unser
57%
Bobby Unser
57%
Dario Franchitti
54%
Rick Mears
49%
Johnny Rutherford
46%
Wilbur Shaw
29%
Mauri Rose
26%
Louis Meyer
23%
No matching quizzes found
Score Distribution
Percent of People with Each Score
Percentile by Number Answered
Your Score History
You have not taken this quiz